000 00619nam a2200217 i 4500
001 47741
003 ES-MaACL
005 20230906161625.0
007 t|
008 030521q19201929sp ||||1| spa d
080 _a929 Teresa de Jesús, Santa
100 1 _aBlanco Coris, J.
_929238
245 1 0 _aSanta Teresa medium /
_cJ. Blanco Coris.
260 _aMadrid :
_bReus,
_c[192-]
300 _a134 p. ;
_c20 cm.
490 1 _aBiblioteca Bergamín
600 0 0 _aTeresa de Jesús,
_cSanta,
_d1515-1582
_9226510
830 0 _aBiblioteca Bergamín
_9186723
852 _aES-MaACL
_jF-7649
999 _c47741
_d47741